[Event "9th Semana Santa Alicante"]
[Site "San Vicente ESP"]
[Date "2025.04.18"]
[Round "4.14"]
[White "Sai, Krishna G V"]
[Black "Gormally, Daniel W"]
[Result "1/2-1/2"]
[WhiteTitle "IM"]
[BlackTitle "GM"]
[WhiteElo "2384"]
[BlackElo "2428"]
[WhiteFideId "5028280"]
[BlackFideId "406465"]
[EventDate "2025.04.16"]

1. e4 c5 2. Nf3 d6 3. d4 cxd4 4. Nxd4 Nf6 5. Nc3 Nc6 6. Bg5 e6 7. Qd2 Be7 8.
O-O-O O-O 9. h4 Nxd4 10. Qxd4 Bd7 11. f4 h6 12. Bxf6 Bxf6 13. Qxd6 Bc6 14. Qxd8
Rfxd8 15. Rd5 Rd7 16. Rxd7 Rc8 17. Rd8+ Rxd8 18. Bd3 Bd4 19. Rh3 h5 20. Nd1 a5
21. Ne3 b5 22. g4 hxg4 23. Nxg4 Kf8 24. h5 Ke7 25. e5 b4 26. h6 gxh6 27. Nxh6 a4
28. b3 axb3 29. axb3 Bc3 30. Kd1 Rd4 31. f5 Rf4 32. Ke2 Bxe5 33. Ke3 Bd6 34.
Ng8+ Kf8 35. Nf6 exf5 36. Nh5 Rg4 37. Bxf5 Rg5 38. Bd3 Ke7 39. Rh4 Bc5+ 40. Kf4
Rg2 41. Be4 Bxe4 42. Kxe4 Rxc2 43. Nf4 Bd6 44. Nd5+ Kd7 45. Kd3 Rb2 46. Kc4 Rc2+ 1/2-1/2

[Event "9th Semana Santa Alicante"]
[Site "San Vicente ESP"]
[Date "2025.04.18"]
[Round "4.15"]
[White "Smirnov, Mark"]
[Black "Sowinski, Pawel"]
[Result "1-0"]
[WhiteTitle "FM"]
[BlackTitle "IM"]
[WhiteElo "2336"]
[BlackElo "2428"]
[WhiteFideId "13764594"]
[BlackFideId "21881979"]
[EventDate "2025.04.16"]

1. e4 c5 2. Nf3 d6 3. d4 cxd4 4. Nxd4 Nf6 5. Nc3 a6 6. Bd3 g6 7. f3 Bg7 8. Be3
Nbd7 9. Be2 Qc7 10. a4 Ne5 11. O-O O-O 12. Qd2 Be6 13. a5 Rac8 14. Nxe6 fxe6 15.
Ra4 Qd7 16. Rfa1 Rc6 17. f4 Nf7 18. Bf3 e5 19. f5 gxf5 20. exf5 Qxf5 21. Rf1
Rxc3 22. bxc3 Qd7 23. Rb4 d5 24. Rfb1 Nd8 25. Bg5 e6 26. Bxf6 Bxf6 27. c4 e4 28.
Bxe4 Qg7 29. cxd5 Bc3 30. Qd1 Bxb4 31. Rxb4 exd5 32. Bxh7+ Kh8 33. Bg6 Qe7 34.
Qh5+ Kg8 35. Bh7+ 1-0

[Event "9th Semana Santa Alicante"]
[Site "San Vicente ESP"]
[Date "2025.04.18"]
[Round "4.16"]
[White "Iturrizaga Bonelli, Eduardo"]
[Black "Ritviz, Parab"]
[Result "1-0"]
[WhiteTitle "GM"]
[BlackTitle "IM"]
[WhiteElo "2585"]
[BlackElo "2363"]
[WhiteFideId "3901211"]
[BlackFideId "5073367"]
[EventDate "2025.04.16"]

1. Nf3 Nf6 2. c4 e6 3. g3 d5 4. Bg2 d4 5. d3 c5 6. e4 Nc6 7. e5 Nd7 8. Qe2 Qc7
9. Bf4 h6 10. h4 b6 11. g4 Bb7 12. Bg3 O-O-O 13. O-O g5 14. h5 f6 15. Re1 fxe5
16. Na3 Bg7 17. Nc2 Rhf8 18. a3 Rf7 19. b4 Rdf8 20. Nd2 Ne7 21. Bxb7+ Qxb7 22.
Ne4 Qc7 23. a4 cxb4 24. Nxd4 exd4 25. Bxc7 Kxc7 26. a5 Nc6 27. axb6+ axb6 28. c5
b5 29. Nd6 Rxf2 30. Nxb5+ Kb7 31. Qxe6 Nxc5 32. Qd5 1-0

[Event "9th Semana Santa Alicante"]
[Site "San Vicente ESP"]
[Date "2025.04.18"]
[Round "4.17"]
[White "Garcia Blanco, Omar"]
[Black "Lu, Shanglei"]
[Result "0-1"]
[WhiteTitle "FM"]
[BlackTitle "GM"]
[WhiteElo "2373"]
[BlackElo "2618"]
[WhiteFideId "2287153"]
[BlackFideId "8603332"]
[EventDate "2025.04.16"]

1. e4 c5 2. c3 d5 3. exd5 Qxd5 4. d4 Nf6 5. Nf3 e6 6. Na3 Nc6 7. Nb5 Qd8 8. dxc5
Bxc5 9. Qxd8+ Kxd8 10. Bf4 Ne4 11. Rd1+ Ke7 12. Nbd4 Nxd4 13. Nxd4 Rd8 14. Bd3
Nf6 15. Nb3 Bb6 16. c4 Rd7 17. O-O a5 18. a4 Bc7 19. Bxc7 Rxc7 20. Nd4 Bd7 21.
b3 Rd8 22. Bc2 Bxa4 23. bxa4 Rxc4 24. Nb3 Rxc2 25. Nxa5 Rxd1 26. Rxd1 b6 27. Nb7
Ne4 28. a5 bxa5 29. Nxa5 Nxf2 30. Nc6+ Rxc6 31. Kxf2 Rc2+ 32. Kf3 g5 33. Ra1 h5 0-1

[Event "9th Semana Santa Alicante"]
[Site "San Vicente ESP"]
[Date "2025.04.18"]
[Round "4.18"]
[White "Stremavicius, Titas"]
[Black "Sanchez Alvarez, Roberto Carlos"]
[Result "1/2-1/2"]
[WhiteTitle "GM"]
[BlackTitle "IM"]
[WhiteElo "2551"]
[BlackElo "2373"]
[WhiteFideId "12804444"]
[BlackFideId "3508684"]
[EventDate "2025.04.16"]

1. c4 e6 2. g3 d5 3. Bg2 Nf6 4. Nf3 dxc4 5. Qa4+ Nbd7 6. Qxc4 a6 7. Qc2 c5 8.
Nc3 Qc7 9. O-O b6 10. d4 Bb7 11. Bf4 Bd6 12. Bxd6 Qxd6 13. Rfd1 O-O 14. e4 cxd4
15. Nxd4 Qc7 16. Rac1 Rac8 17. Qe2 Rfd8 18. Rc2 Qb8 19. f4 Nf8 20. e5 Bxg2 21.
Kxg2 Nd5 22. Nxd5 Rxd5 23. Rxc8 Qxc8 24. Nf5 Qd7 25. Nd6 Rxd1 26. Qxd1 Qc6+ 27.
Qf3 Qxf3+ 28. Kxf3 Nd7 29. Ke4 Kf8 30. Kd4 Ke7 31. Nc4 a5 32. g4 f6 33. h4 h6
34. a3 fxe5+ 35. fxe5 Kd8 36. h5 Kc7 37. Nd6 Kd8 38. Ne4 Nb8 39. Nd2 Nc6+ 40.
Ke4 Kc7 41. Nf3 a4 42. g5 hxg5 43. Nxg5 Kd7 44. Nh3 Na5 45. Kd4 Nc6+ 1/2-1/2

[Event "9th Semana Santa Alicante"]
[Site "San Vicente ESP"]
[Date "2025.04.18"]
[Round "4.19"]
[White "Zielonka, Adam"]
[Black "Sethuraman, S.P."]
[Result "0-1"]
[WhiteTitle "FM"]
[BlackTitle "GM"]
[WhiteElo "2357"]
[BlackElo "2548"]
[WhiteFideId "21002096"]
[BlackFideId "5021596"]
[EventDate "2025.04.16"]

1. e4 c5 2. Nf3 Nc6 3. d4 cxd4 4. Nxd4 Nf6 5. Nc3 d6 6. Bg5 e6 7. Qd2 a6 8.
O-O-O Bd7 9. Kb1 Be7 10. Nxc6 Bxc6 11. f3 Qc7 12. h4 h6 13. Be3 h5 14. Bd3 b5
15. Ne2 Nd7 16. Bg5 Ne5 17. Nd4 Bb7 18. Rhe1 Rd8 19. Bf1 O-O 20. f4 Ng4 21. Bxe7
Qxe7 22. g3 g6 23. Bh3 e5 24. Bxg4 hxg4 25. Nb3 Kg7 26. Qe2 f5 27. fxe5 Bxe4 28.
exd6 Rxd6 29. Rxd6 Qxd6 30. Qe3 Rc8 31. Qd4+ Qxd4 32. Nxd4 Rc4 33. Rd1 f4 34.
gxf4 g3 35. Kc1 b4 36. Rd2 g2 37. Ne2 Bc6 38. Rd1 Bf3 39. Rd7+ Kh6 40. Ng1 Rxf4
41. Kd2 Bg4 42. Re7 Rf2+ 0-1

[Event "9th Semana Santa Alicante"]
[Site "San Vicente ESP"]
[Date "2025.04.18"]
[Round "4.20"]
[White "Dragnev, Valentin"]
[Black "Campora, Daniel H."]
[Result "1/2-1/2"]
[WhiteTitle "GM"]
[BlackTitle "GM"]
[WhiteElo "2538"]
[BlackElo "2369"]
[WhiteFideId "1634852"]
[BlackFideId "100013"]
[EventDate "2025.04.16"]

1. e4 e5 2. Nf3 Nc6 3. Bc4 Bc5 4. d3 Nf6 5. O-O O-O 6. c3 Be7 7. Re1 d6 8. a4
Be6 9. Bxe6 fxe6 10. b4 a6 11. Nbd2 h6 12. Bb2 Qe8 13. b5 Nd8 14. d4 axb5 15.
dxe5 dxe5 16. axb5 Rxa1 17. Bxa1 Qxb5 18. c4 Qb6 19. Nxe5 Bc5 20. Rf1 Bd4 21.
Ng6 Re8 22. e5 Bxa1 23. Qxa1 Nd7 24. Rb1 Qc6 25. h4 Nf8 26. Nxf8 Rxf8 27. Qd4 b6
28. Rb3 Nb7 29. Qg4 Nc5 30. Rg3 Qd7 31. Ne4 1/2-1/2

[Event "9th Semana Santa Alicante"]
[Site "San Vicente ESP"]
[Date "2025.04.18"]
[Round "4.21"]
[White "Trigo Urquijo, Sergio"]
[Black "Pranav, Anand"]
[Result "1-0"]
[WhiteTitle "FM"]
[BlackTitle "GM"]
[WhiteElo "2354"]
[BlackElo "2538"]
[WhiteFideId "2262436"]
[BlackFideId "46626786"]
[EventDate "2025.04.16"]

1. c4 e5 2. Nc3 Bb4 3. Qc2 d6 4. e3 Nf6 5. Nge2 c6 6. a3 Ba5 7. b4 Bc7 8. Bb2
O-O 9. Ng3 a6 10. Rc1 Nbd7 11. Be2 Bb8 12. Bf3 Nb6 13. d3 d5 14. c5 Nbd7 15. e4
d4 16. Nb1 g6 17. Nd2 h5 18. h4 Re8 19. Nc4 Bc7 20. Ne2 a5 21. Rb1 axb4 22. axb4
b6 23. cxb6 Nxb6 24. Nxb6 Bxb6 25. Qxc6 Bd7 26. Qc2 Bb5 27. O-O Qd6 28. Qd2 Ra4
29. Bc1 Rc8 30. Ng3 Rc3 31. Be2 Bd8 32. Bb2 Rb3 33. Bd1 Rxd3 34. Qh6 Ra8 35. Be2
Rxg3 36. Bxb5 Ng4 37. Qd2 Rb3 38. Bc4 Rxb2 39. Rxb2 Bxh4 40. Rb3 Kg7 41. b5 Rb8
42. Rf3 Nh6 43. Qa2 Qc7 44. Rb1 Rb6 45. Bd5 Bg5 46. Qc4 Qe7 47. Ra1 Qe8 48. Bc6
Qf8 49. Ra7 Rb8 50. Qd5 Bf6 51. Rb7 Rxb7 52. Bxb7 Qb4 53. g3 Qe1+ 54. Kg2 Qe2
55. Bc8 g5 56. b6 g4 57. Rxf6 Kxf6 58. Qd6+ Kg7 59. Qxe5+ f6 60. Qe7+ Nf7 61.
Be6 Qxe4+ 62. Kh2 Qf3 63. Qxf7+ Kh6 64. Qf8+ Kg6 65. Qg8+ Kh6 66. Bd5 Qxf2+ 67.
Bg2 h4 68. Qxg4 d3 69. Qf4+ Qxf4 70. gxf4 d2 71. Bf3 1-0

[Event "9th Semana Santa Alicante"]
[Site "San Vicente ESP"]
[Date "2025.04.18"]
[Round "4.22"]
[White "Heberla, Bartlomiej"]
[Black "Cesar Maestre, Bernardo"]
[Result "1-0"]
[WhiteTitle "GM"]
[BlackTitle "FM"]
[WhiteElo "2523"]
[BlackElo "2366"]
[WhiteFideId "1115120"]
[BlackFideId "24542547"]
[EventDate "2025.04.16"]

1. d4 d5 2. Nf3 Nf6 3. g3 c5 4. Bg2 cxd4 5. O-O h6 6. b3 g6 7. Bb2 Bg7 8. Nbd2
O-O 9. Bxd4 Nc6 10. Bb2 Bf5 11. c4 d4 12. Nh4 Bg4 13. h3 Bd7 14. f4 e5 15. f5 g5
16. Nhf3 Qc7 17. Nh2 e4 18. Nxe4 Nxe4 19. Bxe4 Qxg3+ 20. Bg2 Rfe8 21. Rf3 Qc7
22. Qd2 Re4 23. Rf2 Rh4 24. Raf1 Re8 25. f6 Bf8 26. Nf3 Rh5 27. Nxd4 Nxd4 28.
Bxd4 Bxh3 29. e3 Bxg2 30. Rxg2 Bd6 31. Qc2 Qc6 32. Rf5 Re4 33. Rd5 Rhh4 34. Qf2
Qd7 35. Qg3 Bxg3 36. Rxd7 Be5 37. Bxa7 g4 38. Bd4 Bxd4 39. Rxd4 Rxe3 40. Rgxg4+
Rxg4+ 41. Rxg4+ Kf8 42. Rd4 Ke8 43. c5 Rg3+ 44. Kh2 Rc3 45. b4 Rc2+ 46. Kg3 Rxa2
47. Re4+ Kd8 48. Re7 Ra3+ 49. Kf4 Kc8 50. Rxf7 Rb3 51. Rh7 Rxb4+ 52. Ke5 Kd8 53.
Rh8+ 1-0

[Event "9th Semana Santa Alicante"]
[Site "San Vicente ESP"]
[Date "2025.04.18"]
[Round "4.23"]
[White "Filgueiras, Nathan Felipe"]
[Black "Balakrishnan, Praveen"]
[Result "1/2-1/2"]
[WhiteTitle "IM"]
[BlackTitle "GM"]
[WhiteElo "2353"]
[BlackElo "2489"]
[WhiteFideId "2188562"]
[BlackFideId "2064871"]
[EventDate "2025.04.16"]

1. e4 c6 2. d4 d5 3. e5 Bf5 4. Be2 e6 5. Nf3 Nd7 6. O-O a5 7. c3 a4 8. h3 h6 9.
Be3 Qb6 10. Qd2 Ne7 11. Ne1 c5 12. c4 Nc6 13. cxd5 exd5 14. Nf3 Be6 15. Nc3 cxd4
16. Nxd4 Nxd4 17. Bxd4 Bc5 18. Bxc5 Qxc5 19. Rfd1 Nxe5 20. Rac1 Nc6 21. Nxd5
Qxd5 22. Qxd5 Bxd5 23. Rxd5 a3 24. bxa3 Rxa3 25. Bc4 O-O 26. Rb5 Ra7 27. Rcb1
Na5 28. Bd5 Rd8 29. Rc1 Nc6 30. Rcb1 Rd7 31. Bxc6 1/2-1/2

[Event "9th Semana Santa Alicante"]
[Site "San Vicente ESP"]
[Date "2025.04.18"]
[Round "4.24"]
[White "Masague Artero, Guerau"]
[Black "Almeida Quintana, Omar"]
[Result "0-1"]
[WhiteTitle "FM"]
[BlackTitle "GM"]
[WhiteElo "2331"]
[BlackElo "2483"]
[WhiteFideId "32098952"]
[BlackFideId "3503313"]
[EventDate "2025.04.16"]

1. c4 g6 2. d4 Bg7 3. e4 d6 4. Nc3 Nf6 5. h3 c6 6. Be3 O-O 7. Nf3 a6 8. c5 b5 9.
cxb6 Nbd7 10. Bd3 Nxb6 11. O-O a5 12. Qe2 Nfd7 13. Rfd1 e5 14. Bg5 Bf6 15. Bxf6
Qxf6 16. Qe3 Rb8 17. Bf1 Re8 18. Rd2 d5 19. exd5 cxd5 20. dxe5 Nxe5 21. Re1 Nbc4
22. Nxd5 Qd8 23. Qd4 Nxf3+ 24. gxf3 Qg5+ 25. Kh2 Rxe1 26. Nf6+ Kg7 27. Ng4+ Ne5
28. f4 Rb4 0-1

[Event "9th Semana Santa Alicante"]
[Site "San Vicente ESP"]
[Date "2025.04.18"]
[Round "4.25"]
[White "Giannoulakis, Lampros"]
[Black "Santiago, Yago De Moura"]
[Result "0-1"]
[WhiteTitle "FM"]
[BlackTitle "GM"]
[WhiteElo "2325"]
[BlackElo "2475"]
[WhiteFideId "4247019"]
[BlackFideId "2103877"]
[EventDate "2025.04.16"]

1. d4 d5 2. c4 dxc4 3. Nf3 Nf6 4. e3 Bg4 5. Bxc4 e6 6. h3 Bh5 7. O-O Nbd7 8. Nc3
c6 9. Re1 Be7 10. e4 O-O 11. Be3 b5 12. Bd3 b4 13. Na4 Qa5 14. b3 c5 15. Nb2
cxd4 16. Bxd4 Rfd8 17. Nc4 Qc7 18. Rc1 Nc5 19. g4 Nxg4 20. hxg4 Bxg4 21. e5 Qb7
22. Be2 Qe4 23. Nd6 Qg6 24. Kh1 Ne4 25. Nh2 Bxd6 26. exd6 Bf5 27. Rg1 Qh6 28. f3
Rxd6 29. Rg2 Rxd4 30. Qg1 Nc3 31. Qxd4 Nxe2 0-1

[Event "9th Semana Santa Alicante"]
[Site "San Vicente ESP"]
[Date "2025.04.18"]
[Round "4.26"]
[White "Castellanos Rodriguez, Renier"]
[Black "Kuegel, Tobias"]
[Result "1-0"]
[WhiteTitle "GM"]
[BlackTitle "IM"]
[WhiteElo "2471"]
[BlackElo "2366"]
[WhiteFideId "3404650"]
[BlackFideId "4636295"]
[EventDate "2025.04.16"]

1. e4 c5 2. Nf3 d6 3. d4 cxd4 4. Nxd4 Nf6 5. Nc3 g6 6. Be3 Bg7 7. f3 O-O 8. Qd2
Nc6 9. O-O-O d5 10. exd5 Nxd5 11. Nxc6 bxc6 12. Bd4 e5 13. Bc5 Re8 14. Ne4 Qc7
15. h4 f5 16. Nd6 Rd8 17. Nxc8 Raxc8 18. Bc4 h5 19. g4 Kh7 20. Qe1 hxg4 21. h5
g5 22. fxg4 e4 23. gxf5 Rb8 24. Bb3 e3 25. f6 Bxf6 26. Qe2 Qe5 27. c3 Nxc3 28.
Qc2+ Ne4 29. Bxe3 a5 30. Ba7 Rxd1+ 31. Rxd1 Re8 32. Bd4 Qf4+ 33. Kb1 Rd8 34.
Qxc6 Nd2+ 35. Rxd2 Rxd4 36. Qc2+ Kh8 37. Qc8+ Bd8 38. Rxd4 Qxd4 39. a4 Kg7 40.
Qe6 Qf6 41. Qd7+ Be7 42. Bc2 Qf1+ 43. Ka2 Qf7+ 44. Bb3 Qf6 45. Qd5 Kh6 46. Qxa5
Kxh5 47. Bd1+ Kg6 48. Qd5 Qf7 49. Bh5+ 1-0

[Event "9th Semana Santa Alicante"]
[Site "San Vicente ESP"]
[Date "2025.04.18"]
[Round "4.27"]
[White "Garcia Martin, Marta"]
[Black "Gines Esteo, Pedro Antonio"]
[Result "1/2-1/2"]
[WhiteTitle "IM"]
[BlackTitle "GM"]
[WhiteElo "2323"]
[BlackElo "2469"]
[WhiteFideId "32084030"]
[BlackFideId "32080190"]
[EventDate "2025.04.16"]

1. d4 d5 2. c4 c6 3. Nf3 Nf6 4. Nc3 dxc4 5. a4 e6 6. e3 c5 7. Bxc4 Nc6 8. O-O
cxd4 9. exd4 Be7 10. Qe2 O-O 11. Rd1 Nb4 12. Ne5 Bd7 13. h4 Bc6 14. Nxc6 bxc6
15. a5 Rb8 16. g3 Qc7 17. Bf4 Bd6 18. Bg5 Be7 19. Na4 Rfd8 20. Nc5 h6 21. Bd2
Bxc5 22. dxc5 Nfd5 23. Rdc1 Qe7 24. Ra4 Qf6 25. Be1 Qd4 26. Qd2 Qe5 27. Qe2 Qd4
28. Qd2 Qe5 29. Qe2 Qd4 1/2-1/2

[Event "9th Semana Santa Alicante"]
[Site "San Vicente ESP"]
[Date "2025.04.18"]
[Round "4.28"]
[White "Alonso Garcia, Aaron"]
[Black "Horcajuelo Rocamora, Martin"]
[Result "1-0"]
[WhiteTitle "IM"]
[BlackTitle "FM"]
[WhiteElo "2462"]
[BlackElo "2357"]
[WhiteFideId "24521060"]
[BlackFideId "24573027"]
[EventDate "2025.04.16"]

1. e4 c5 2. Nf3 d6 3. d4 cxd4 4. Nxd4 Nf6 5. Nc3 a6 6. Be2 e5 7. Nb3 Be6 8. Bf3
Nbd7 9. O-O Rc8 10. a4 Nb6 11. Re1 Be7 12. Nd2 O-O 13. a5 Nbd7 14. Nb3 Nb8 15.
Be3 Nc6 16. Nd5 Bxd5 17. exd5 Nb8 18. Ra4 Nfd7 19. Rb4 Rc7 20. Be2 Bg5 21. Ba7
f5 22. c4 Qc8 23. Bf1 Kh8 24. Qh5 Bh6 25. Qh3 Nf6 26. Rb6 Ne8 27. Bxb8 Qxb8 28.
c5 dxc5 29. d6 Rd7 30. Rxe5 Rxd6 31. Rxf5 Nf6 32. Rxd6 Qxd6 33. Nxc5 Re8 34. Qd3
Qc7 35. g3 Qxa5 36. Nxb7 Qd2 37. Nd6 Qxd3 38. Bxd3 Re1+ 39. Kg2 Bc1 40. Rc5 g6
41. Rc8+ Kg7 42. Rc7+ Kh6 43. b3 Rd1 44. Nf7+ Kg7 45. Ne5+ Kh6 46. Bxa6 Bb2 47.
Nf7+ Kg7 48. Ng5+ Kh6 49. h4 Bd4 50. Be2 Rd2 51. Nf7+ Kg7 52. Ne5+ Kh6 53. Nf3
Rxe2 54. Nxd4 Rd2 55. Nf3 Rb2 56. Ng5 Rxb3 57. Rf7 Rb6 58. g4 Ra6 59. Kg3 Rb6
60. f3 Ra6 61. Nh3 1-0

[Event "9th Semana Santa Alicante"]
[Site "San Vicente ESP"]
[Date "2025.04.18"]
[Round "4.29"]
[White "Mamedov, Edgar"]
[Black "Sinz, Bernhard"]
[Result "1-0"]
[WhiteTitle "IM"]
[BlackTitle "FM"]
[WhiteElo "2453"]
[BlackElo "2313"]
[WhiteFideId "13739980"]
[BlackFideId "4618807"]
[EventDate "2025.04.16"]

1. d4 d5 2. c4 c6 3. Nc3 Nf6 4. Nf3 dxc4 5. a4 Bf5 6. Ne5 Nbd7 7. Nxc4 Qc7 8. g3
e5 9. Bg2 Rd8 10. O-O Be6 11. Nxe5 Nxe5 12. Bf4 Bd6 13. dxe5 Bxe5 14. Qc1 Bxf4
15. gxf4 O-O 16. a5 Qc8 17. e4 Bh3 18. f5 Bxg2 19. Kxg2 Rd3 20. Kh1 Qc7 21. Qg5
h6 22. Qh4 Kh7 23. Rg1 Qe5 24. f4 Qd4 25. Rae1 Rg8 26. e5 Rxc3 27. bxc3 Qd5+ 28.
Rg2 Ne4 29. c4 Qxc4 30. Qg4 Qd5 31. Qe2 Nc3 32. Qe3 Nb5 33. Qe4 Nc3 34. Qc2 Nb5
35. f6+ Kh8 36. Qe4 Qxe4 37. Rxe4 gxf6 38. Rxg8+ Kxg8 39. exf6 Kf8 40. Re7 Nd6
41. Rd7 Ne8 42. Rd8 b5 43. axb6 axb6 44. Kg2 b5 45. Kf3 b4 46. Ke3 c5 47. Kd3 b3
48. Kc3 c4 49. Rb8 h5 50. h4 1-0

[Event "9th Semana Santa Alicante"]
[Site "San Vicente ESP"]
[Date "2025.04.18"]
[Round "4.30"]
[White "Toncheva, Nadya"]
[Black "Garrido Outon, Alex"]
[Result "1/2-1/2"]
[WhiteTitle "FM"]
[BlackTitle "IM"]
[WhiteElo "2318"]
[BlackElo "2450"]
[WhiteFideId "2924056"]
[BlackFideId "24516279"]
[EventDate "2025.04.16"]

1. d4 d5 2. c4 e6 3. Nc3 Nf6 4. cxd5 exd5 5. Bg5 Be7 6. e3 c6 7. Bd3 Nbd7 8. Qc2
Nh5 9. Bxe7 Qxe7 10. Nge2 g6 11. O-O-O Nb6 12. Rhe1 Be6 13. Kb1 O-O-O 14. f3 Kb8
15. g4 Ng7 16. Nf4 h5 17. h3 Bc8 18. Qf2 Ka8 19. Rg1 hxg4 20. hxg4 g5 21. Nfe2
Rhe8 22. e4 dxe4 23. fxe4 Ne6 24. Rgf1 Rf8 25. Bc2 Nc7 26. Qg1 Be6 27. Nc1 Qd7
28. Bb3 Bxg4 29. Rd2 f6 30. Nd3 Bh3 31. Nc5 Qe7 32. Re1 Ne6 33. Nxe6 Bxe6 34. d5
Bg8 35. Red1 cxd5 36. exd5 Qb4 37. Rd4 Qa5 38. Qg3 Rfe8 39. a4 a6 40. Ka2 Re5
41. Ne4 Bxd5 42. Nxf6 Bxb3+ 43. Qxb3 Rxd4 44. Rxd4 Ka7 45. Rb4 Re3 46. Qxe3 Qxb4
47. b3 g4 48. Nxg4 Qxg4 49. a5 Qb4 50. axb6+ Qxb6 51. Qd3 Qc5 52. Kb2 a5 53. Qe4
Qb5 54. Qd4+ Ka6 55. Qe4 Qc6 56. Qd3+ Ka7 57. Qd4+ b6 58. Qf4 Qg2+ 59. Kb1 Qg6+
60. Kb2 Qg7+ 61. Kb1 Qc3 62. Qf7+ Ka6 63. Qd5 Qc5 64. Qd3+ Qb5 65. Qf3 Qc5 66.
Qd3+ Kb7 67. Qd7+ Qc7 68. Qd5+ Qc6 69. Qd3 a4 70. bxa4 Qxa4 71. Kb2 Qb4+ 72. Ka2
Qa5+ 73. Kb3 Qe5 74. Qd7+ Ka6 75. Qa4+ Qa5 76. Qxa5+ Kxa5 77. Ka3 Kb5 78. Kb3 1/2-1/2

[Event "9th Semana Santa Alicante"]
[Site "San Vicente ESP"]
[Date "2025.04.18"]
[Round "4.31"]
[White "Dushyant, Sharma"]
[Black "Raczek, Krzysztof"]
[Result "1/2-1/2"]
[WhiteTitle "IM"]
[BlackTitle "IM"]
[WhiteElo "2313"]
[BlackElo "2448"]
[WhiteFideId "25065130"]
[BlackFideId "21005303"]
[EventDate "2025.04.16"]

1. e4 c6 2. d4 d5 3. Nc3 dxe4 4. Nxe4 Nf6 5. Nxf6+ exf6 6. c3 Bd6 7. Bd3 O-O 8.
Qc2 Re8+ 9. Ne2 h6 10. O-O Nd7 11. Bd2 Nf8 12. Rae1 Bd7 13. Ng3 Qc7 14. Qc1 Ng6
15. Qd1 Rxe1 16. Rxe1 Re8 17. Rxe8+ Bxe8 18. Qg4 1/2-1/2

[Event "9th Semana Santa Alicante"]
[Site "San Vicente ESP"]
[Date "2025.04.18"]
[Round "4.32"]
[White "Garcia Ramos, Daniel"]
[Black "Nemeth, Zalan"]
[Result "1-0"]
[WhiteTitle "IM"]
[BlackTitle "FM"]
[WhiteElo "2428"]
[BlackElo "2311"]
[WhiteFideId "32010311"]
[BlackFideId "2512041"]
[EventDate "2025.04.16"]

1. e4 c5 2. Nf3 d6 3. d4 cxd4 4. Nxd4 Nf6 5. Nc3 a6 6. f3 e6 7. Be3 b5 8. Qd2
Nbd7 9. a3 h5 10. O-O-O Bb7 11. Kb1 Be7 12. h3 Rc8 13. Bd3 Ne5 14. g4 Nfd7 15.
gxh5 Nb6 16. Rhg1 Nbc4 17. Bxc4 Nxc4 18. Qd3 Nxe3 19. Qxe3 Bf6 20. e5 Bxe5 21.
f4 Bxd4 22. Qxd4 Qf6 23. Qxd6 Bc6 24. Rg5 Qe7 25. Qd4 f6 26. Rc5 Kf7 27. Qg1 Rh6
28. Ne4 Rc7 29. Nd6+ Kf8 30. Qd4 Bd5 31. Rxd5 exd5 32. Nf5 Qc5 33. Nxh6 Qxd4 34.
Rxd4 gxh6 35. Rxd5 Ke7 36. Rd3 Rc5 37. Re3+ Kd6 38. Re8 Rxh5 39. Ra8 Kd5 40.
Rxa6 f5 41. Rb6 Rxh3 42. Rxb5+ Ke4 43. a4 Kxf4 44. a5 Re3 45. a6 Re6 46. a7 Ra6
47. Rb7 Ke5 48. b4 f4 49. Rb5+ 1-0

[Event "9th Semana Santa Alicante"]
[Site "San Vicente ESP"]
[Date "2025.04.18"]
[Round "4.33"]
[White "George Samir, David"]
[Black "Espinosa Aranda, Angel"]
[Result "1/2-1/2"]
[WhiteTitle "FM"]
[BlackTitle "IM"]
[WhiteElo "2303"]
[BlackElo "2418"]
[WhiteFideId "10657789"]
[BlackFideId "2278189"]
[EventDate "2025.04.16"]

1. e4 Nf6 2. e5 Nd5 3. d4 d6 4. c4 Nb6 5. f4 dxe5 6. fxe5 Bf5 7. Nc3 e6 8. Nf3
Bg4 9. Be3 Nc6 10. Qd2 Na5 11. b3 Bb4 12. Be2 c5 13. dxc5 Nd7 14. O-O Nc6 15.
Rad1 Qe7 16. a3 Bxc3 17. Qxc3 O-O 18. b4 Bxf3 19. Bxf3 Ndxe5 20. Bxc6 Nxc6 21.
b5 Nd8 22. Rd6 e5 23. Rfd1 Qh4 24. Rd7 Rc8 25. Qxe5 Qxc4 26. Qd5 Qc3 27. Qd3 Qe5
28. Bd4 Qg5 29. Re1 Ne6 30. Qe3 Qxe3+ 31. Bxe3 Nxc5 32. Bxc5 Rxc5 33. Rxb7 g6
34. a4 Rc2 35. Rf1 Rd8 36. Rbxf7 Rdd2 37. R7f2 Rxf2 38. Rxf2 Rc1+ 39. Rf1 Rc4
40. Ra1 Rb4 41. Kf2 Kf7 42. Ke3 Ke6 43. Kd3 Kd5 44. Kc3 Kc5 45. Ra2 h5 1/2-1/2

[Event "9th Semana Santa Alicante"]
[Site "San Vicente ESP"]
[Date "2025.04.18"]
[Round "4.34"]
[White "Povshednyi, Ivan"]
[Black "Krishna, C R G"]
[Result "1/2-1/2"]
[WhiteTitle "FM"]
[BlackTitle "IM"]
[WhiteElo "2291"]
[BlackElo "2415"]
[WhiteFideId "14190907"]
[BlackFideId "5018625"]
[EventDate "2025.04.16"]

1. d4 e6 2. c4 d5 3. Nf3 Nf6 4. g3 Bb4+ 5. Nbd2 O-O 6. Bg2 b6 7. O-O Bb7 8. cxd5
exd5 9. Qb3 a5 10. a3 Bd6 11. Nb1 a4 12. Qc2 Ne4 13. Nc3 Nxc3 14. Qxc3 Nc6 15.
Bf4 Na5 16. Bxd6 cxd6 17. Qb4 Nb3 18. Rad1 Qf6 19. e3 Ba6 20. Rfe1 Bc4 21. Nd2
Nxd2 22. Rxd2 b5 23. Rc1 Rab8 24. Rdc2 g5 25. Qd2 Kg7 26. f3 Rfe8 27. e4 g4 28.
fxg4 dxe4 29. g5 Qe6 30. Qe3 Bd3 31. Rf2 Rbc8 32. Rxc8 Rxc8 33. h4 Rc2 34. Rxc2
Bxc2 35. Qc3 Qc4 36. Kf2 Qxc3 37. bxc3 Bd3 38. Ke3 d5 39. Bh3 f6 40. gxf6+ Kxf6
41. Kf4 h6 42. Bc8 Bc4 43. Bb7 Kg6 44. g4 Kf6 45. Bc6 Kg6 46. Bd7 Kf6 47. Be8
Ke7 48. Bg6 Kf6 49. Bf5 Bb3 50. Bc8 Bc4 51. Bd7 Ke7 52. Bc6 Kf6 53. g5+ hxg5+
54. hxg5+ Kg7 55. Be8 Be2 56. Ke3 Bc4 57. Bh5 Bd3 58. Kf4 Bc4 59. Bg4 Kg6 60.
Bd7 Kg7 61. Be8 Kf8 62. Bc6 Kg7 63. Bb7 Kg6 64. Bc8 Kg7 65. Bf5 Kf7 66. Bg4 Kg6
67. Bd1 Bd3 68. Bg4 Bc4 69. Be6 Kg7 70. Bd7 Kg6 71. Be8+ Kg7 72. Bh5 Bd3 73. Bg4
Bc4 74. Be6 Kg6 75. Bf5+ Kf7 76. Bg4 Kg6 77. Bf5+ 1/2-1/2